000 00853nam a2200265Ia 4500
003 OSt
005 20221005062232.0
006 a|||||r|||| 00| 0
007 ta
008 221004b |||||||| |||| 00| 0 eng d
020 _a9781138784772 (hbk)
_c8974.79
024 _a24599
037 _b1058, 29/12/2015, Bright Book Service
_cTextual
040 _aCRL
_cCRL
_beng
041 _2eng
_aeng
082 _aY:45, Q4
100 _aToros Harmonie Ed.
_9601594
245 0 _aTerrorism, peace and conflict studies
_b Investigating the crossroad
260 _aLondon
_bRoutledge UK
_c2014
300 _aviii, 232p.
_ccm.
650 _aSOCIOLOGY
700 _a Tellidis Ioannis Ed.
_9601595
942 _hY:45, Q4
_cTEXL
_2cc
999 _c969395
_d969395